000257229 001__ 257229 000257229 005__ 20260414170827.0 000257229 020__ $$a3520663015 000257229 037__ $$aERESRWTH-2026-00005 000257229 1001_ $$0P:(DE-HGF)0$$aCurschmann, Michael$$b0 000257229 245__ $$aDichter alter maere. Zur Prologstrophe im Nibelungenlied 000257229 260__ $$aStuttgart$$c1992 000257229 300__ $$a55-71 000257229 3367_ $$2ORCID$$aBOOK_CHAPTER 000257229 3367_ $$07$$2EndNote$$aBook Section 000257229 3367_ $$2DRIVER$$abookPart 000257229 3367_ $$2BibTeX$$aINBOOK 000257229 3367_ $$2DataCite$$aOutput Types/Book chapter 000257229 3367_ $$0PUB:(DE-HGF)7$$2PUB:(DE-HGF)$$aContribution to a book$$bcontb$$mcontb$$s1776179091_748886 000257229 500__ $$aout of print 000257229 9151_ $$0StatID:(DE-HGF)2100$$2StatID$$aDigitalisierungsanfrage / Digitization request$$x0 000257229 9201_ $$0I:(DE-RON)26ss-79.00035$$k26ss-79.00035$$lSeminar Germanistik (Nibelungenlied und Klage) (SE) [26ss-79.00035]$$x0 000257229 961__ $$c2026-04-14T17:08:18.334530$$i2026-04-14T17:08:18.334530$$x2026-04-14T17:08:18.334530 000257229 980__ $$acontb 000257229 980__ $$aEDITORS 000257229 980__ $$aVDBINPRINT 000257229 980__ $$aI:(DE-RON)26ss-79.00035 000257229 980__ $$aUNRESTRICTED
